LEADER 01013nam0-2200325---450- 001 990008302480403321 005 20121102132425.0 035 $a000830248 035 $aFED01000830248 035 $a(Aleph)000830248FED01 035 $a000830248 100 $a20060324d1940----km-y0itay50------ba 101 0 $aita 102 $aIT 105 $ay---------00y 200 1 $a<>Digenis Akritas$el' epopea di Bisanzio$fSalvatore Impellizzeri 210 $aFirenze$cG. C. Sansoni$d1940 215 $aVIII, 189 p.$d24 cm 225 1 $aStudi di lettere, storia e filosofia$v18 610 0 $aDigenis akritas$aStudi 676 $a883.02 700 1$aImpellizzeri,$bSalvatore$0171761 801 0$aIT$bUNINA$gRICA$2UNIMARC 901 $aBK 912 $a990008302480403321 952 $aP2B-630-DIG.ACR.-8I.S.-1940$bIst.Fil.cl.Catt.Fil.biz. 1820$fFLFBC$m10-71720 952 $aP2B-630-DIG.ACR.-8I.S.-1940 bis$bBibl. 16573$fFLFBC$m10-84851 959 $aFLFBC 996 $aDigenis Akritas$9745244 997 $aUNINA LEADER 03248oam 22005774a 450 001 996379043503316 005 20240424230145.0 010 $a90-485-3728-2 024 7 $a10.1515/9789048537280 035 $a(CKB)3840000000350265 035 $a(MiAaPQ)EBC5231729 035 $a(DE-B1597)502837 035 $a(OCoLC)1020788600 035 $a(DE-B1597)9789048537280 035 $a(OCoLC)1111334120 035 $a(MdBmJHUP)muse76608 035 $a(oapen)https://directory.doabooks.org/handle/20.500.12854/36371 035 $a(EXLCZ)993840000000350265 100 $a20171111d2018 uy 0 101 0 $aeng 135 $aurcnu|||||||| 181 $2rdacontent 182 $2rdamedia 183 $2rdacarrier 200 10$aKurt Baschwitz$fJaap van Ginneken 210 $aAmsterdam, the Netherlands$cAmsterdam University Press$d2018 210 1$aAmsterdam :$cAmsterdam University Press,$d[2018] 210 4$dİ[2018] 215 $a1 online resource (355 pages) $cillustrations, photographs 311 $a94-6298-604-5 320 $aIncludes bibliographical references (pages 339-345) and index. 327 $tFrontmatter -- $tTable of Contents -- $tList of Illustrations -- $tPreface / $rGinneken, Jaap van -- $t1. Introduction -- $t2. 1886-1914: Youth and First Journalism -- $t3. 1914-1918: War and Propaganda -- $t4. First Book: On Mass Propaganda and Enemy Images -- $t5. 1919-1933: The Weimar Republic and the Mass Press -- $t6. Second Book: On the Mass Press and Newspaper Audiences -- $t7. 1933-1939: Exile and Mass Politics -- $t8. Third Book: On Mass Politics and Parliamentary Democracy -- $t9. 1940-1945: Hiding From Mass Persecution -- $t10. Fourth and Later Books: On Mass Persecution and Extermination -- $t11. 1946-1957: Founder of Institutions -- $t12. International Role -- $t13. 1958-1968: Retirement Years -- $t14. Conclusion -- $tEpilogue -- $tAppendix -- $tAcknowledgements -- $tAbout the Author -- $tReferences -- $tIndex 330 8 $aIn this study of a forgotten but noteworthy figure, the author tells the story of the life of Kurt Baschwitz (1886-1968), a scholar who fled from the Nazis. He wrote six books, never translated into English, on four related themes: the press, propaganda, politics, and persecution. Baschwitz independently developed concepts that are now seen as key to communication science and social psychology, and the author places Baschwitz's ideas in the wider context of his dramatic life and times. 606 $aHolocaust, Jewish (1939-1945)$zNetherlands 606 $aHolocaust, Jewish (1939-1945)$zGermany 606 $aJewish social scientists$zNetherlands$vBiography 606 $aJewish social scientists$zGermany$vBiography 608 $aElectronic books. 610 $aCommunication science, social psychology, intellectual history, Germany, war years. 615 0$aHolocaust, Jewish (1939-1945) 615 0$aHolocaust, Jewish (1939-1945) 615 0$aJewish social scientists 615 0$aJewish social scientists 676 $a070.92 700 $aGinneken$b Jaap van$f1943-$0183026 801 0$bMdBmJHUP 801 1$bMdBmJHUP 906 $aBOOK 912 $a996379043503316 996 $aKurt Baschwitz$92431451 997 $aUNISA